| 000 | 00710nam a22002297a 4500 | ||
|---|---|---|---|
| 003 | OSt | ||
| 005 | 20230705092917.0 | ||
| 008 | 230705b |||||||| |||| 00| 0 eng d | ||
| 020 | _a9780691617206 | ||
| 040 |
_cNIRUC _dNIRUC |
||
| 050 | _aJX1582 .B69 1976 | ||
| 100 |
_aBozeman, Adda B. _d1976 |
||
| 245 |
_aConflict in Africa : _bconcepts and realities / Adda B. Bozeman. |
||
| 260 |
_aPrinceton, N.J. : _bPrinceton University Press, _c 1976. |
||
| 300 |
_axiv, 429 p. : _c24 cm. |
||
| 650 | _aPacific settlement of international disputes. | ||
| 650 |
_aEthnology _zAfrica. |
||
| 650 |
_aSocial conflict. _zAfrica. |
||
| 650 | _aDiplomatic relations. | ||
| 650 | _aSocial conditions | ||
| 942 |
_2lcc _cBK _n0 |
||
| 999 |
_c467 _d467 |
||